Física, conceptos y aplicaciones /
Guardado en:
| Autor Principal: | |
|---|---|
| Otros Autores: | , |
| Formato: | Libro |
| Publicado: |
México :
Mcgraw-hill Interamericana,
2007
|
| Edición: | 7a. ed. |
| Materias: | |
| Etiquetas: |
Agregar Etiqueta
Sin Etiquetas, Sea el primero en etiquetar este registro!
|
| LEADER | 01189nam a22003615a 4500 | ||
|---|---|---|---|
| 001 | CEM.cems017177 | ||
| 005 | 20090820124611.0 | ||
| 008 | 130507s2007##################000#0#####d | ||
| 003 | CEMS | ||
| 020 | |a 978007301267X | ||
| 082 | 0 | 4 | |a 530 |
| 100 | 1 | |a Tippens, Paul E. | |
| 245 | 1 | 0 | |a Física, conceptos y aplicaciones / |c Paul E. Tippens ; traducido Por ángel Carlos González Ruiz ; revisión Técnica Ana Elizabeth García Hernández |
| 250 | |a 7a. ed. | ||
| 260 | |a México : |b Mcgraw-hill Interamericana, |c 2007 | ||
| 300 | |a 782 p. | ||
| 505 | 0 | |a Mecánica -- Termoninámica, ondas mecánicas y sonido -- Electricidad, magnetismo y óptica -- Física moderna | |
| 653 | |a FÍsica | ||
| 653 | |a MecÁnica | ||
| 653 | |a MatemÁticas tÉcnicas | ||
| 653 | |a Palanca | ||
| 653 | |a Ley de newton | ||
| 653 | |a Fluidos | ||
| 653 | |a Calor | ||
| 653 | |a TermodinÁmica | ||
| 653 | |a Campo magnÉtico | ||
| 653 | |a Luz | ||
| 653 | |a ReflexiÓn | ||
| 653 | |a RefracciÓn | ||
| 653 | |a FÍsica nuclear | ||
| 700 | 1 | |a González Ruiz, Ángel Carlos, trad. | |
| 700 | 1 | |a García Hernández, Ana Elizabeth, rev. téc. | |
| 859 | |a CEMS |b BIB. CEMS - Agricultura |h 530 |i T499a7 |p A0904.09 |t Ej.1 | ||
